| 000 | 00484nam a2200157Ia 4500 | ||
|---|---|---|---|
| 008 | 210716s2007 xx 000 0 und d | ||
| 020 | _a9780070620308 | ||
| 041 | _aeng | ||
| 082 | _a658 KOOH | ||
| 100 | _aKoontz, Harold; Weihrich, Heinz. | ||
| 245 |
_aEssentials of management: an international perspective. _bAn international perspective. |
||
| 250 | _a7 | ||
| 260 |
_aNew Delhi _bTata McGraw Hill Publishing Company Ltd _c2007 |
||
| 300 | _axxx,475 | ||
| 650 | _aManagement(658) | ||
| 999 |
_c188355 _d188355 |
||